Studies on the Response of Hybrid and Non Hybrid OKRA (Abelmoschus esculentus (L.) Moench.) to Levels of Fertilizers (Record no. 50109)

MARC details
000 -LEADER
fixed length control field 00540nam a22001937a 4500
003 - CONTROL NUMBER IDENTIFIER
control field OSt
008 - FIXED-LENGTH DATA ELEMENTS--GENERAL INFORMATION
fixed length control field 260422b |||||||| |||| 00| 0 eng d
082 ## - DEWEY DECIMAL CLASSIFICATION NUMBER
Classification number 635.648
Item number S48S
100 ## - MAIN ENTRY--PERSONAL NAME
Personal name Singh, Uma Kant.
245 ## - TITLE STATEMENT
Title Studies on the Response of Hybrid and Non Hybrid OKRA (Abelmoschus esculentus (L.) Moench.) to Levels of Fertilizers
260 ## - PUBLICATION, DISTRIBUTION, ETC. (IMPRINT)
Place of publication, distribution, etc Sabour, Bhegalpur
Name of publisher, distributor, etc BAC, RAU
Date of publication, distribution, etc 2005
300 ## - PHYSICAL DESCRIPTION
Extent 63p.
502 ## - DISSERTATION NOTE
Degree type M. Sc.
Year degree granted 2005
650 ## - SUBJECT ADDED ENTRY--TOPICAL TERM
Topical term or geographic name as entry element Horticulture
650 ## - SUBJECT ADDED ENTRY--TOPICAL TERM
Topical term or geographic name as entry element Okra
650 ## - SUBJECT ADDED ENTRY--TOPICAL TERM
Topical term or geographic name as entry element Thesis
650 ## - SUBJECT ADDED ENTRY--TOPICAL TERM
Topical term or geographic name as entry element M. Sc.
942 ## - ADDED ENTRY ELEMENTS (KOHA)
Source of classification or shelving scheme
Koha item type Thesis
Holdings
Withdrawn status Lost status Source of classification or shelving scheme Damaged status Not for loan Home library Current library Date acquired Total Checkouts Full call number Barcode Date last seen Bill Date Koha item type
          Dr. Rajendra Prasad Central Agricultural University Pusa, Dr. Rajendra Prasad Central Agricultural University Pusa, 22/04/2026   635.648 S48S 53030 22/04/2026 22/04/2026 Thesis
Hosted, Implemented, Customized & Maintained by: BestBookBuddies

Powered by Koha